000 00288nam a22001217a 4500
008 170907b xxu||||| |||| 00| 0 eng d
041 _aeng
080 _a91
100 _a42
101 _aGEO
245 _aEARTH AN INTRODUCTION TO PHYSICAL GEOLOGY
_cLUTGENS.T
942 _2udc
_cBK
999 _c26662
_d26662